000 00356nam a2200145Ia 4500
008 230917s9999||||xx |||||||||||||| ||und||
040 _e146291
_aMAIN
041 _aEnglish
082 _a342.54 S392C
100 _aIndia
245 0 _aConstituent assembly of India
260 _aNew Delhi
_bGovernment of India
_c[n.d.]
300 _av. p.
942 _cBK
999 _c165538
_d165538